000 00682nam a2200289Ia 4500
005 20260324121144.0
008 008 260324s9999 xx 000 0 eng d
020 _a9780203798959
037 _aEBOOK
040 _aCRL
040 _beng
040 _cCRL
041 _2eng
041 _aeng
084 _qCRL
100 _aFabian Muniesa
_91161406
245 4 _aThe Provoked Economy
245 0 _bEconomic Reality and the Performative Turn
260 _bTaylor and Francis
260 _c2014
365 _a
365 _b255
856 _uhttp://www.taylorfrancis.com/books/9780203798959
942 _cEBOOK
999 _c1753333
_d1753333